|
|
|
|
| LEADER |
01113nam a2200277 a 4500 |
| 001 |
3997531 |
| 008 |
100428s1996 enk b 001 0 eng d |
| 010 |
|
|
|a 96016270
|
| 020 |
|
|
|a 1856494195
|
| 020 |
|
|
|a 1856494209 (pbk.)
|
| 040 |
|
|
|a DLC
|c DLC
|d DLC
|d BD-DhAAL
|
| 082 |
0 |
0 |
|a 305.906541722
|2 20
|
| 100 |
1 |
|
|a Owen, Margaret,
|d 1932-
|
| 245 |
1 |
2 |
|a A world of widows /
|c Margaret Owen.
|
| 260 |
|
|
|a London ;
|a Atlantic Highlands, NJ :
|b Zed Books,
|c 1996.
|
| 300 |
|
|
|a x, 214 p. ;
|b 22 cm.
|
| 504 |
|
|
|a Includes bibliographical references and index.
|
| 541 |
1 |
|
|e 00007493
|
| 650 |
|
0 |
|a Widowhood
|z Developing countries
|x Psychological aspects.
|
| 650 |
|
0 |
|a Widows
|z Developing countries
|x Social conditions.
|
| 650 |
|
0 |
|a Widows
|z Developing countries
|x Economic conditions.
|
| 650 |
|
0 |
|a Widows
|z Developing countries
|x Public opinion.
|
| 650 |
|
0 |
|a Public opinion
|z Developing countries.
|
| 852 |
4 |
|
|a Ayesha Abed Library
|j General shelf
|
| 999 |
|
|
|c 8288
|d 8288
|
| 952 |
|
|
|0 0
|1 0
|2 ddc
|4 0
|6 305_906541722000000_OWE_1996
|7 0
|9 9531
|a BRACUL
|b BRACUL
|c GEN
|d 2010-04-28
|l 0
|o 305.906541722 OWE
|p 3010007493
|r 2024-02-25
|t 1
|w 2010-04-28
|y BK
|